Readings in human-computer interaction : a multidisciplinary approach
Αποθηκεύτηκε σε:
| Άλλοι συγγραφείς: | , |
|---|---|
| Μορφή: | Βιβλίο |
| Γλώσσα: | English |
| Δημοσίευση: |
Los Altos, Calif. :
M. Kaufmann,
c1987
|
| Θέματα: | |
| Ετικέτες: |
Προσθήκη ετικέτας
Δεν υπάρχουν, Καταχωρήστε ετικέτα πρώτοι!
|
MARC
| LEADER | 00000cam a2200000 i 4500 | ||
|---|---|---|---|
| 001 | 1/20444 | ||
| 008 | 950719s1987 eng d | ||
| 020 | |a 0934613249 ((pbk.)) |c $28.95 | ||
| 035 | |l 10021549 | ||
| 040 | |a GR-MY-UA |b gre |e aacr | ||
| 041 | 0 | |a eng | |
| 082 | 0 | |a 004/.01/9 |2 (19) | |
| 245 | 1 | 0 | |a Readings in human-computer interaction : |b a multidisciplinary approach / |c written and edited by Ronald M. Baecker and William A.S. Buxton |
| 260 | |a Los Altos, Calif. : |b M. Kaufmann, |c c1987 | ||
| 300 | |a xiii, 738 p.; |b ill.; |c 28 cm | ||
| 504 | |a Includes bibliographies and indexes | ||
| 650 | 0 | 0 | |a Human-computer interaction. |
| 650 | 0 | 0 | |a System design. |
| 700 | 1 | |a Baecker, Ronald M. | |
| 700 | 1 | |a Buxton, William A. S. | |
| 852 | |a INST |b CHIOS |e 19950719 |h 004.019 BAE |p 005200002383 |q 005200002383 |t BK |y 0 | ||
| 909 | |a Χ |b 010679 | ||